[Event "Seville op 49th"]
[Site "Seville"]
[Date "2024.01.12"]
[Round "1"]
[White "Onate Gomez, Ildefonso"]
[Black "Zylka, Stanislaw"]
[Result "0-1"]
[WhiteElo "1726"]
[BlackElo "2411"]
[PlyCount "76"]
[EventDate "2024.01.12"]
[EventType "swiss"]
[EventRounds "9"]
[EventCountry "ESP"]
[SourceTitle "CBM 218 Extra"]
[Source "ChessBase"]
[SourceDate "2024.03.31"]
[SourceVersion "1"]
[SourceVersionDate "2024.03.31"]
[SourceQuality "1"]

1. d4 c5 2. e3 Nf6 3. Bd3 b6 4. Qe2 Bb7 5. Nf3 g6 6. Nbd2 Bg7 7. c3 0-0 8. 0-0 Nc6 9. a3 d5 10. Ne5 Nxe5 11. dxe5 Ne8 12. f4 f6 13. Nf3 fxe5 14. fxe5 Nc7 15. Bd2 Ne6 16. c4 d4 17. exd4 Nxd4 18. Qe3 Nf5 19. Bxf5 Rxf5 20. Bc3 Qc7 21. Rad1 Raf8 22. Rd3 Qc6 23. Rf2 Qa4 24. Qd2 Qxc4 25. Rd8 Qe4 26. h3 Bc6 27. Re2 Qc4 28. Rxf8+ Rxf8 29. Qe3 Bxf3 30. gxf3 Qh4 31. Kh2 Bh6 32. Qe4 Qxe4 33. fxe4 Kf7 34. Kg2 Ke6 35. b4 cxb4 36. axb4 Rc8 37. Be1 Bf4 38. Ra2 Rc7 0-1